1852 1857 1173 1243 1432 1816 1211 1388 1498 1986 1326 1917 1169 1096 1372 1828 1420 1084 1212 1847 1983 1563 1018 1525 1097 1203 1673 1906 1328 1147 1319 1925 1659 1332 1337 1516 1841 1514 1029 1375 1550 1551 1700 1065 1459 1729 1187 1517 1664 1717 1027 1321 1312 1728 1874 1468 1683 1647 1475 1410 1925 1712 1794 1958 1077 1458 1908 1975 1614 1561 1806 1912 1047 1870 1271 1456 1419 1308 1397 1670 1940 1581 1907 1066 1257 1007 1657 1550 1478 1226 1700 1945 1852 1332 1518 1724 1129 1305 1860 BCNSPRNW ULIB Ver.6.0+V

เปลี่ยนเป็นภาษาไทย

Change to English
 แสดงรายละเอียดบรรณานุกรม
  กลับหน้าหลัก

Brief Record : Get Marc (ISO 2709) : E-mail record : QR code < ปิดหน้าต่าง
LEADER : 00000nam 2200000uu 4500
001    13399109256
003     ULIB
008    110325s2543||||th 000 0 tha d
020    9742990565
060 04 WA540JT3^bว549ข 2543
100 0  อนุวัฒน์ ศุภชุติกุล
245 10 คุณภาพของระบบสุขภาพ /^cอนุวัฒน์ ศุภชุติกุล, จิรุตม์ศรีรัตนบัลล์
250    พิมพ์ครั้งที่ 1
260    นนทบุรี :^bสถาบันวิจัยระบบสาธารณสุข,^c2543
300    (6), 71 หน้า ;^c26 ซม.
490 0  ชุดสุขภาพคนไทยปี พ.ศ. 2543
500    ใช้เป็นเอกสารประกอบการประชุมวิชาการสถาบันวิจัยระบบสาธารณสุข ครั้งที่ 3 ภูมิปัญญาประชาคมสู่สุขภาพประชาชาติไทย. ระหว่างวันที่ 15-17 สิงหาคม 2543 ณ ศูนย์นิทรรศการและการประชุมไบเทค กรุงเทพมหานคร
650  7 การบริหารสาธารณสุข^zไทย
650  7 บริการทางการแพทย์^xการควบคุมคุณภาพ
650  7 โรงพยาบาล^xการควบคุมคุณภาพ
650  7 อนามัย, การบริการ^xการควบคุมคุณภาพ
700 0  จิรุตม์ ศรีรัตนบัลล์
710 2  สถาบันวิจัยระบบสาธารณสุข
711 2  การประชุมวิชาการสถาบันวิจัยระบบสาธารณสุขเรื่องภูมิปัญญาประชาคมสู่สุขภาพประชาชาติไทย^n(ครั้งที่ 3 :^d2543:^cกรุงเทพมหานคร)
945    ^p0^l0^i013032
995    ทศพร
999 ^a ใช้งานได้ทุกระบบ
รายการนี้ยังไม่มีแท็ก
คุณยังไม่ได้ล็อกอิน คุณสามารถมีกิจกรรมร่วมกับเว็บไซต์ได้ แต่ต้องล็อกอินก่อน ::
  ล็อกอิน

รายการสื่อสารสนเทศ

ลำดับที่ ประเภท เลขเรียก/บาร์โค้ด สถานที่ สถานะ
- ไม่พบข้อมูล -

รายการใกล้เคียง
    ผู้แต่ง [อนุวัฒน์ ศุภชุติกุล]

BibComment


ยังไม่เคยถูกคอมเมนท์

คอมเมนท์ทรัพยากรรายการนี้
  คอมเมนท์: คุณภาพของระบบสุขภ..


 Copyright 2026. Bcnsprnw @Library